Liverpool FC Trivia - Statistics

General Stats
  • This quiz has been taken 1,960 times
    1,803 since last reset
  • The average score is 18 of 25
Answer Stats
Hint Answer % Correct
Unofficial anthem, a.k.a. "YNWA" You'll never {walk} {alone}
98%
Home stadium Anfield
97%
Prolific goalscoring trio also known as "SFM" Mohamed Salah
95%
Colourful nickname The {Reds}
95%
Year Liverpool won the Champions League 2019
90%
Rival club from Liverpool Everton
88%
Prolific goalscoring trio also known as "SFM" Sadio Mané
87%
Year Liverpool won the Champions League 2005
86%
Prolific goalscoring trio also known as "SFM" Roberto Firmino
86%
Top goalscorer in history Ian Rush
83%
Top Premier League goalscorer Steven Gerrard
78%
Nickname for the derby with the above {Merseyside} derby
77%
Year Liverpool won the Champions League 1984
73%
Year Liverpool won the Champions League 1978
71%
Year Liverpool won the Champions League 1981
71%
Bird featured on the logo {Liver} bird
71%
Year Liverpool won the Champions League 1977
70%
Top Premier League goalscorer Michael Owen
62%
1989 FA Cup tragedy that made 96 victims {Hillsborough} disaster
60%
Top Premier League goalscorer Robbie Fowler
59%
Manager (1974-83) Bob Paisley
56%
Manager (1959-74) Bill Shankly
55%
Three-letter word tribune for the most fervent fans Kop
50%
Leg-wobbling Zimbabwean goalkeeper Bruce Grobbelaar
38%
European Cup final tragedy in Brussels Heysel
30%
No matching quizzes found
Score Distribution
Percent of People with Each Score
Percentile by Number Answered
Your Score History
You have not taken this quiz since the last reset